000 01076nam a22002177a 4500
001 8695
003 FISKH
005 20251010154257.0
008 251010b cb ||||| |||| 00| 0 eng d
020 _a9780764193477
040 _aFISKH
_beng
_cFISKH
_dFISKH
082 _a372.6
100 _aLudewig, Lizabeth L.
245 _a144 words your child will spell by the End of grade 2 /
_cLizabeth L. Ludewig, M.Ed.
260 _aNew York :
_bBarron's,
_c2008.
300 _a159 pages :
_bcolor illustrations ;
_c28 cm
520 _aThis book helps children in early elementary grades develop strong spelling and reading foundations. It introduces 144 essential sight and spelling words appropriate for Grade 2, with fun activities and games designed to improve word recognition, pronunciation, and vocabulary. The accompanying CD-ROM (included in some editions) provides interactive spelling exercises to reinforce learning. The book supports both classroom and at-home learning.
650 _aSpelling
_vEarly Literacy
_yLanguage Arts
942 _2ddc
_cBK
_n0
999 _c8695
_d8695